[Event "MMaS_2014_FIDE"]
[Site "?"]
[Date "2014.10.25"]
[Round "1.1"]
[White "Kislinsky, Alexey"]
[Black "Stonavský, Filip"]
[Result "1-0"]
[WhiteElo "2482"]
[BlackElo "1728"]
[PlyCount "57"]
[EventDate "2014.10.25"]

1. e4 c5 2. c3 d6 3. d4 cxd4 4. cxd4 Nf6 5. Nc3 a6 6. Nf3 Nc6 7. d5 Ne5 8. Nd4
Ng6 9. f4 e5 10. dxe6 fxe6 11. Be3 e5 12. Bc4 Bg4 13. Qb3 exd4 14. Bf7+ Kd7 15.
Bxd4 b5 16. O-O Qe7 17. Rac1 Rc8 18. f5 Rc4 19. Bxc4 bxc4 20. Qa4+ Kd8 21. Bb6+
Kc8 22. Qxc4+ Kb8 23. Qb3 Ka8 24. Nd5 Qb7 25. Rc7 Nxd5 26. Rxb7 Kxb7 27. Bd4+
Kc8 28. Rc1+ Kd8 29. Qxd5 1-0

[Event "MMaS_2014_FIDE"]
[Site "?"]
[Date "2014.10.25"]
[Round "1.2"]
[White "Macek, Oldrich"]
[Black "Nabelek, Marek"]
[Result "0-1"]
[WhiteElo "1676"]
[BlackElo "2270"]
[PlyCount "54"]
[EventDate "2014.10.25"]

1. d4 Nf6 2. Nf3 g6 3. g3 Bg7 4. Bg2 O-O 5. O-O d6 6. c4 Nc6 7. Nc3 a6 8. h3
Bd7 9. e4 Qc8 10. Kh2 e5 11. d5 Ne7 12. Be3 b5 13. c5 b4 14. Na4 Bxa4 15. Qxa4
Nxe4 16. Qxb4 Nf6 17. cxd6 Nexd5 18. Qa3 Nxe3 19. fxe3 cxd6 20. Qxd6 Rd8 21.
Qa3 Qb8 22. Rad1 Rxd1 23. Rxd1 e4 24. Ng5 Qe5 25. h4 h6 26. Nh3 Ng4+ 27. Kg1
Qxg3 0-1

[Event "MMaS_2014_FIDE"]
[Site "?"]
[Date "2014.10.25"]
[Round "1.3"]
[White "Hajek, Oskar"]
[Black "Pistovcakova, Aneta"]
[Result "1-0"]
[WhiteElo "2006"]
[BlackElo "1671"]
[PlyCount "53"]
[EventDate "2014.10.25"]

1. e4 c5 2. Nf3 g6 3. c3 Bg7 4. d4 cxd4 5. cxd4 d5 6. exd5 Nf6 7. Bb5+ Bd7 8.
Bc4 Bg4 9. h3 Bxf3 10. Qxf3 Qb6 11. O-O Nbd7 12. Bb3 O-O 13. Re1 Rac8 14. Nc3
Qd8 15. d6 exd6 16. Qxb7 Rc7 17. Qf3 h6 18. Bf4 Nb6 19. Rac1 a6 20. Ne4 Rxc1
21. Rxc1 Nxe4 22. Qxe4 Re8 23. Qxg6 d5 24. Qg3 Qf6 25. Be5 Qg6 26. Qxg6 fxg6
27. f4 1-0

[Event "MMaS_2014_FIDE"]
[Site "?"]
[Date "2014.10.25"]
[Round "1.4"]
[White "Milfort, Vaclav"]
[Black "Olsar, Zdenek"]
[Result "0-1"]
[WhiteElo "1604"]
[BlackElo "1931"]
[PlyCount "54"]
[EventDate "2014.10.25"]

1. c4 Nf6 2. d4 g6 3. Nc3 d5 4. e3 Bg7 5. Be2 O-O 6. Nf3 c5 7. O-O dxc4 8. Bxc4
Nc6 9. a3 cxd4 10. Nxd4 Nxd4 11. Qxd4 Bf5 12. Qxd8 Rfxd8 13. f3 Rac8 14. Be2
Bd3 15. Re1 Bxe2 16. Rxe2 Nd5 17. Nb5 a6 18. Nd4 Rc4 19. Rc2 Rdc8 20. Rxc4 Rxc4
21. b3 Rxd4 22. Bb2 Rd2 23. Bxg7 Kxg7 24. e4 Ne3 25. Rc1 Rxg2+ 26. Kh1 Rd2 27.
h4 Rd1+ 0-1

[Event "MMaS_2014_FIDE"]
[Site "?"]
[Date "2014.10.25"]
[Round "1.5"]
[White "Volek, Karel"]
[Black "Neumann, Filip"]
[Result "1-0"]
[WhiteElo "1923"]
[BlackElo "1509"]
[PlyCount "61"]
[EventDate "2014.10.25"]

1. e4 e6 2. d4 d5 3. e5 c5 4. Nf3 Qb6 5. c3 Nc6 6. Be2 Bd7 7. O-O cxd4 8. cxd4
Nge7 9. b3 Ng6 10. Be3 Rc8 11. Nc3 Bb4 12. Rc1 Nce7 13. Qd3 Bxc3 14. Rxc3 Rxc3
15. Qxc3 O-O 16. Qd3 Rc8 17. Rc1 Rxc1+ 18. Bxc1 a6 19. a4 Qc7 20. Qd2 Nf5 21.
Ba3 b5 22. a5 Nfe7 23. Bc5 Nc6 24. b4 Nge7 25. Bd3 Qc8 26. g4 h6 27. h4 Qb8 28.
h5 Qc8 29. Nh4 Nd8 30. Bc2 Nec6 31. Qd3 1-0

[Event "MMaS_2014_FIDE"]
[Site "?"]
[Date "2014.10.25"]
[Round "1.6"]
[White "Krajicek, Filip"]
[Black "Krejca, Jakub"]
[Result "1/2-1/2"]
[WhiteElo "1508"]
[BlackElo "1887"]
[PlyCount "66"]
[EventDate "2014.10.25"]

1. d4 e6 2. Nf3 d5 3. Bf4 Nf6 4. e3 Be7 5. Bd3 O-O 6. O-O Nbd7 7. c3 b6 8. Nbd2
Bb7 9. Re1 c5 10. Qb1 Rc8 11. Ne5 h6 12. Ndf3 Nxe5 13. Bxe5 Nd7 14. Bg3 Bf6 15.
Bb5 a6 16. Bxd7 Qxd7 17. Ne5 Bxe5 18. Bxe5 f6 19. Bg3 Qf7 20. Qd1 e5 21. Qd2
Rce8 22. Rad1 Kh8 23. a3 g5 24. h3 h5 25. Kh1 Rg8 26. Kg1 a5 27. Kh1 h4 28. Bh2
g4 29. e4 Qg6 30. hxg4 dxe4 31. dxe5 Re7 32. Qd6 Qxg4 33. Qxf6+ Reg7 1/2-1/2

[Event "MMaS_2014_FIDE"]
[Site "?"]
[Date "2014.10.25"]
[Round "1.7"]
[White "Sramek, Ondrej"]
[Black "Kotas, Marian"]
[Result "1-0"]
[WhiteElo "1863"]
[BlackElo "1494"]
[PlyCount "63"]
[EventDate "2014.10.25"]

1. e4 d6 2. d4 Nf6 3. Bd3 g6 4. Qe2 Bg7 5. Bg5 O-O 6. Nf3 c6 7. O-O b5 8. Nbd2
Nbd7 9. c3 e5 10. d5 cxd5 11. exd5 Qb6 12. Be3 Qb7 13. Bxb5 Nxd5 14. Bc4 Nxe3
15. Qxe3 Qxb2 16. Bd5 Rb8 17. Rab1 Qa3 18. Nc4 Qa6 19. Rxb8 Nxb8 20. Qd2 Be6
21. Ne3 Bh6 22. Rd1 Re8 23. Bb3 Bxe3 24. Qxe3 Nd7 25. Qd2 Bxb3 26. axb3 Re6 27.
Ng5 Re7 28. Qxd6 Qxd6 29. Rxd6 Nc5 30. b4 Rd7 31. bxc5 Rxd6 32. cxd6 1-0

[Event "MMaS_2014_FIDE"]
[Site "?"]
[Date "2014.10.25"]
[Round "2.1"]
[White "Netusil, Jan"]
[Black "Kislinsky, Alexey"]
[Result "0-1"]
[WhiteElo "1837"]
[BlackElo "2482"]
[PlyCount "66"]
[EventDate "2014.10.25"]

1. e4 c5 2. Nc3 Nc6 3. f4 g6 4. Nf3 Bg7 5. Bc4 a6 6. a4 e6 7. O-O Nge7 8. d3 d5
9. Bb3 O-O 10. Qe1 Nd4 11. Nxd4 cxd4 12. Ne2 dxe4 13. dxe4 d3 14. Nc3 Nc6 15.
Be3 Nd4 16. Bxd4 Qxd4+ 17. Kh1 dxc2 18. Bxc2 Qb6 19. Rb1 f5 20. e5 Bd7 21. Qf2
Qxf2 22. Rxf2 Bc6 23. Bb3 Kf7 24. Rd1 Rfd8 25. Rfd2 Rxd2 26. Rxd2 Bf8 27. Kg1
h6 28. Kf2 g5 29. Ne2 Bc5+ 30. Kg3 Rg8 31. Nd4 gxf4+ 32. Kxf4 Rg4+ 33. Ke3 Re4+
0-1

[Event "MMaS_2014_FIDE"]
[Site "?"]
[Date "2014.10.25"]
[Round "2.2"]
[White "Nabelek, Marek"]
[Black "Michalek, Miroslav"]
[Result "1-0"]
[WhiteElo "2270"]
[BlackElo "1793"]
[PlyCount "41"]
[EventDate "2014.10.25"]

1. e4 e5 2. Nf3 Nc6 3. Bc4 Bc5 4. O-O Nf6 5. d4 exd4 6. e5 d5 7. exf6 dxc4 8.
fxg7 Rg8 9. Bg5 Be7 10. Bxe7 Nxe7 11. Qxd4 Qxd4 12. Nxd4 c6 13. Re1 Rxg7 14. c3
Bd7 15. Nd2 b5 16. Ne4 Rg6 17. a4 Kf8 18. Nc5 Re8 19. Re5 a6 20. Rae1 Nd5 21.
Rxe8+ 1-0

[Event "MMaS_2014_FIDE"]
[Site "?"]
[Date "2014.10.25"]
[Round "2.3"]
[White "Matejka, Frantisek"]
[Black "Hajek, Oskar"]
[Result "0-1"]
[WhiteElo "1792"]
[BlackElo "2006"]
[PlyCount "62"]
[EventDate "2014.10.25"]

1. e4 d6 2. d4 Nf6 3. Nc3 Nbd7 4. Nf3 e5 5. dxe5 dxe5 6. Bg5 Be7 7. Bxf6 Bxf6
8. Bc4 c6 9. O-O O-O 10. a4 a5 11. Qd6 Be7 12. Qd3 Qc7 13. Rad1 Nf6 14. h3 Bc5
15. Qe2 Nh5 16. Ng5 Ng3 17. Qf3 Nxf1 18. Qh5 h6 19. Bxf7+ Rxf7 20. Nxf7 Qxf7
21. Rd8+ Bf8 22. Qxe5 b6 23. Ne2 Kh7 24. Nf4 Bc5 25. Kh1 Bb7 26. Rxa8 Bxa8 27.
Qb8 Bxf2 28. g4 Ne3 29. g5 Qxf4 30. g6+ Kxg6 31. Qe8+ Kh7 0-1

[Event "MMaS_2014_FIDE"]
[Site "?"]
[Date "2014.10.25"]
[Round "2.4"]
[White "Olsar, Zdenek"]
[Black "Effenberger, Adam"]
[Result "1/2-1/2"]
[WhiteElo "1931"]
[BlackElo "1786"]
[PlyCount "63"]
[EventDate "2014.10.25"]

1. e4 c5 2. Nf3 e6 3. d4 cxd4 4. Nxd4 a6 5. Nc3 b5 6. Bd3 d6 7. O-O Nf6 8. Qe2
Be7 9. a3 O-O 10. f4 Bb7 11. Kh1 Nbd7 12. e5 Nd5 13. Bd2 Nc5 14. Bxh7+ Kxh7 15.
Qh5+ Kg8 16. Rf3 Nf6 17. exf6 Bxf3 18. Nxf3 Bxf6 19. Ng5 Bxg5 20. fxg5 Qe7 21.
Rf1 g6 22. Qh4 Rfc8 23. Be3 Qf8 24. Bd4 e5 25. Bxc5 Rxc5 26. Ne4 Qg7 27. Nf6+
Kf8 28. Nd7+ Kg8 29. Nxc5 dxc5 30. Qe4 Re8 31. h3 Re6 32. Kh2 1/2-1/2

[Event "MMaS_2014_FIDE"]
[Site "?"]
[Date "2014.10.25"]
[Round "2.5"]
[White "Chytil, Petr"]
[Black "Volek, Karel"]
[Result "1/2-1/2"]
[WhiteElo "1751"]
[BlackElo "1923"]
[PlyCount "31"]
[EventDate "2014.10.25"]

1. Nf3 d5 2. g3 Nc6 3. d4 Bf5 4. Bg2 e6 5. O-O Nf6 6. Bg5 h6 7. Bxf6 Qxf6 8. c3
Bd6 9. Nbd2 O-O 10. Re1 Bg4 11. e4 dxe4 12. Rxe4 Bh5 13. Qe1 Bg6 14. Re3 Qd8
15. Nc4 Rb8 16. Nce5 1/2-1/2

[Event "MMaS_2014_FIDE"]
[Site "?"]
[Date "2014.10.25"]
[Round "2.6"]
[White "Stefanik, Richard"]
[Black "Sramek, Ondrej"]
[Result "1/2-1/2"]
[WhiteElo "1736"]
[BlackElo "1863"]
[PlyCount "35"]
[EventDate "2014.10.25"]

1. e4 e5 2. Nf3 Nc6 3. Bb5 a6 4. Ba4 Nf6 5. O-O Nxe4 6. d4 b5 7. Bb3 d5 8. dxe5
Be6 9. Nbd2 Bc5 10. Nxe4 dxe4 11. Qxd8+ Rxd8 12. Ng5 Bxb3 13. axb3 a5 14. Nxe4
Bd4 15. c3 Bxe5 16. f4 Bd6 17. Nxd6+ Rxd6 18. Re1+ 1/2-1/2

[Event "MMaS_2014_FIDE"]
[Site "?"]
[Date "2014.10.25"]
[Round "2.7"]
[White "Krejca, Jakub"]
[Black "Hadamek, Miroslav"]
[Result "1-0"]
[WhiteElo "1887"]
[BlackElo "1745"]
[PlyCount "31"]
[EventDate "2014.10.25"]

1. e4 d5 2. exd5 Nf6 3. d4 Nxd5 4. c4 Nb4 5. a3 N4a6 6. Nc3 c6 7. Be3 e6 8. Nf3
Nc7 9. Bd3 Be7 10. Qc2 g6 11. O-O Nd7 12. h4 O-O 13. Bh6 Re8 14. h5 Nf8 15.
hxg6 fxg6 16. Ne4 1-0

[Event "MMaS_2014_FIDE"]
[Site "?"]
[Date "2014.10.25"]
[Round "2.8"]
[White "Stonavsky, Filip"]
[Black "Krajicek, Filip"]
[Result "0-1"]
[WhiteElo "1728"]
[BlackElo "1508"]
[PlyCount "126"]
[EventDate "2014.10.25"]

1. d4 g6 2. c4 Bg7 3. Nc3 Nf6 4. e4 d6 5. Nf3 O-O 6. h3 Nbd7 7. Be3 e5 8. Qd2
Re8 9. d5 b6 10. Bd3 Nc5 11. Bc2 Bb7 12. b4 Ncd7 13. Ba4 Qe7 14. Bg5 Rec8 15.
Bc6 Bxc6 16. dxc6 Nf8 17. Nd5 Qe6 18. Qe3 Nxd5 19. cxd5 Qe8 20. h4 f6 21. Bh6
Bxh6 22. Qxh6 Qf7 23. g4 Qg7 24. g5 Qxh6 25. gxh6 a5 26. b5 Kf7 27. a4 Re8 28.
Ke2 Re7 29. Rag1 Kg8 30. Nh2 Rf7 31. Ke3 f5 32. exf5 Rxf5 33. Rg5 Rf4 34. Rg4
Rf5 35. Re4 Re8 36. Rg1 Re7 37. Rg5 Ref7 38. Rxf5 gxf5 39. Rc4 Rf6 40. Nf3 Rxh6
41. Rc1 Rg6 42. Rg1 Rxg1 43. Nxg1 Ng6 44. Nf3 h6 45. h5 Nf4 46. Nh4 Nxd5+ 47.
Kd3 Ne7 48. Kc4 Kf7 49. Nf3 Kf6 50. Nd2 Kg5 51. Kd3 Kxh5 52. Nc4 Kg4 53. Ke2 h5
54. Kf1 h4 55. Kg2 h3+ 56. Kg1 Nd5 57. Kh2 Kf3 58. Kg1 h2+ 59. Kxh2 Kxf2 60.
Kh3 e4 61. Kh4 e3 62. Kg5 e2 63. Kxf5 e1=Q 0-1

[Event "MMaS_2014_FIDE"]
[Site "?"]
[Date "2014.10.25"]
[Round "2.9"]
[White "Neumann, Karel"]
[Black "Macek, Oldrich"]
[Result "0-1"]
[WhiteElo "1314"]
[BlackElo "1676"]
[PlyCount "82"]
[EventDate "2014.10.25"]

1. e4 c5 2. Nf3 Nc6 3. d4 cxd4 4. Nxd4 Nf6 5. Nc3 d6 6. Bb5 Qc7 7. O-O e5 8.
Nf3 a6 9. Ba4 b5 10. Bb3 Be7 11. Bg5 O-O 12. Bxf6 Bxf6 13. Nd5 Qd8 14. h3 Bb7
15. a4 g6 16. c3 Bg7 17. Qd3 Na5 18. Bc2 Nc4 19. b3 Nb2 20. Qd2 bxa4 21. Rfb1
Rc8 22. Rxb2 Bxd5 23. exd5 e4 24. Nd4 Qh4 25. Rxa4 Bh6 26. Qe2 Rxc3 27. Bxe4
Re8 28. Nf3 Qf4 29. Qd2 Rc1+ 30. Ne1 Qe5 31. Qe2 Rxe1+ 32. Qxe1 Qxb2 33. Kf1 f5
34. Qb1 Qe5 35. Bf3 Bd2 36. g3 Qc3 37. Kg2 Re1 38. Bd1 Qe5 39. Kh2 Qxd5 40. f3
Qc5 41. g4 Qf2# 0-1

[Event "MMaS_2014_FIDE"]
[Site "?"]
[Date "2014.10.25"]
[Round "2.10"]
[White "Pistovcakova, Aneta"]
[Black "Richterova, Natasa"]
[Result "1-0"]
[WhiteElo "1671"]
[BlackElo "1171"]
[PlyCount "43"]
[EventDate "2014.10.25"]

1. e4 d5 2. exd5 Qxd5 3. Nc3 Qd6 4. g3 c6 5. Bg2 Nf6 6. h3 e5 7. d3 Be6 8. Nf3
Nbd7 9. O-O Be7 10. Re1 Nd5 11. Ne4 Qc7 12. Neg5 Bxg5 13. Nxg5 Qd6 14. Nxe6
Qxe6 15. d4 f6 16. c4 Ne7 17. b3 Rd8 18. Qe2 O-O 19. Bb2 Ng6 20. Rad1 Rfe8 21.
d5 cxd5 22. Bxd5 1-0

[Event "MMaS_2014_FIDE"]
[Site "Hotel Dlouhé Stránì, Louèná n"]
[Date "2014.10.26"]
[Round "3.1"]
[White "Kislinsky, Alexey"]
[Black "Nabelek, Marek"]
[Result "1-0"]
[WhiteElo "2482"]
[BlackElo "2270"]
[PlyCount "143"]
[EventDate "2014.10.25"]

1. e4 c5 2. c3 g6 3. d4 cxd4 4. cxd4 d5 5. Nc3 dxe4 6. Bc4 Nf6 7. Qb3 e6 8. d5
exd5 9. Nxd5 Nxd5 10. Bxd5 Qe7 11. Qc3 Qb4 12. Bd2 Qxc3 13. Bxc3 Rg8 14. Bxe4
Nc6 15. Nf3 Bg7 16. Bxg7 Rxg7 17. Bxc6+ bxc6 18. O-O-O Be6 19. Rhe1 Kf8 20. Rd3
Bd5 21. Ne5 f6 22. Ng4 Re7 23. Rxe7 Kxe7 24. Ne3 Be6 25. Ra3 Kd6 26. Ra5 Kc7
27. b4 Kb6 28. Nd1 Bd5 29. g3 Bc4 30. Nc3 Bb5 31. a4 Ba6 32. Ne4 Re8 33. Nxf6
Re1+ 34. Kd2 Re2+ 35. Kc3 Bc8 36. Rc5 Rxf2 37. a5+ Kc7 38. Nxh7 Rxh2 39. Nf6
Bf5 40. g4 Rc2+ 41. Kd4 Rxc5 42. Kxc5 Bc8 43. g5 Bh3 44. Ne8+ Kd7 45. Nd6 Bg2
46. Nc4 Ke6 47. Kd4 Bh1 48. Kc5 Bg2 49. Ne3 Be4 50. Kd4 Bh1 51. Kc5 Be4 52. Nc4
Bg2 53. Nd6 Kd7 54. b5 cxb5 55. Nxb5 a6 56. Nd4 Bf1 57. Kd5 Bg2+ 58. Ke5 Ke7
59. Ne6 Bf1 60. Nf4 Kf7 61. Kd6 Bb5 62. Nd5 Bf1 63. Nf6 Bb5 64. Ng4 Be2 65.
Ne5+ Kg7 66. Ke7 Bb5 67. Nf7 Bf1 68. Nd8 Bb5 69. Ne6+ Kh7 70. Kf6 Bd3 71. Nf8+
Kg8 72. Nxg6 1-0

[Event "MMaS_2014_FIDE"]
[Site "Hotel Dlouhé Stránì, Louèná n"]
[Date "2014.10.26"]
[Round "3.2"]
[White "Hajek, Oskar"]
[Black "Olsar, Zdenek"]
[Result "1/2-1/2"]
[WhiteElo "2006"]
[BlackElo "1931"]
[PlyCount "64"]
[EventDate "2014.10.25"]

1. e4 c5 2. Nf3 d6 3. Bb5+ Bd7 4. Bxd7+ Qxd7 5. O-O Nc6 6. c3 Nf6 7. d4 cxd4 8.
cxd4 d5 9. e5 Ne4 10. Nc3 g6 11. Re1 Nxc3 12. bxc3 Bg7 13. Ng5 O-O 14. Nxf7 Qf5
15. e6 Rxf7 16. exf7+ Qxf7 17. f4 Rc8 18. Qg4 Rc7 19. Be3 Na5 20. Rac1 Nc4 21.
Bf2 Nb2 22. Qh3 Qf5 23. g4 Qd3 24. Re3 Qd2 25. Rce1 Nd1 26. R3e2 Nxf2 27. Kxf2
Qxf4+ 28. Kg2 Bf6 29. Rf1 Qg5 30. Qg3 Rxc3 31. Rf3 Rxf3 32. Qxf3 h5 1/2-1/2

[Event "MMaS_2014_FIDE"]
[Site "Hotel Dlouhé Stránì, Louèná n"]
[Date "2014.10.26"]
[Round "3.3"]
[White "Volek, Karel"]
[Black "Stefanik, Richard"]
[Result "1-0"]
[WhiteElo "1923"]
[BlackElo "1736"]
[PlyCount "57"]
[EventDate "2014.10.25"]

1. e4 e5 2. Nf3 Nc6 3. Bb5 a6 4. Ba4 d6 5. h3 Nf6 6. d3 Bd7 7. O-O h6 8. Re1
Ne7 9. Bb3 Ng6 10. Nc3 Be7 11. Ne2 O-O 12. Ng3 Re8 13. Be3 Bf8 14. Qd2 c6 15.
Rad1 Be6 16. Bxe6 fxe6 17. d4 exd4 18. Nxd4 e5 19. Ndf5 d5 20. Qc3 d4 21. Qb3+
Kh7 22. Bxh6 Qc7 23. Bg5 c5 24. Qf3 Qf7 25. Nh5 Nxh5 26. Qxh5+ Kg8 27. Rd3 Ne7
28. Qxf7+ Kxf7 29. Nd6+ 1-0

[Event "MMaS_2014_FIDE"]
[Site "Hotel Dlouhé Stránì, Louèná n"]
[Date "2014.10.26"]
[Round "3.4"]
[White "Sramek, Ondrej"]
[Black "Krejca, Jakub"]
[Result "1/2-1/2"]
[WhiteElo "1863"]
[BlackElo "1887"]
[PlyCount "29"]
[EventDate "2014.10.25"]

1. e4 e6 2. d4 d5 3. Nd2 Nf6 4. e5 Nfd7 5. Bd3 c5 6. c3 Nc6 7. Ne2 b6 8. O-O
Bb7 9. f4 g6 10. Nf3 Qc7 11. Be3 Be7 12. Rc1 c4 13. Bb1 h6 14. b3 Na5 15. Nd2
1/2-1/2

[Event "MMaS_2014_FIDE"]
[Site "Hotel Dlouhé Stránì, Louèná n"]
[Date "2014.10.26"]
[Round "3.5"]
[White "Krajicek, Filip"]
[Black "Chytil, Petr"]
[Result "0-1"]
[WhiteElo "1508"]
[BlackElo "1751"]
[PlyCount "100"]
[EventDate "2014.10.25"]

1. d4 Nf6 2. Nf3 e6 3. e3 d5 4. Bd3 Nbd7 5. O-O Be7 6. Re1 O-O 7. Nbd2 c5 8. c3
c4 9. Bc2 b5 10. a3 Bb7 11. e4 dxe4 12. Nxe4 Qc7 13. Qe2 Bd5 14. Bg5 Qb7 15.
Bxf6 Nxf6 16. Nxf6+ Bxf6 17. Be4 Rad8 18. Qc2 h6 19. Re2 Bxe4 20. Qxe4 Qxe4 21.
Rxe4 Rd5 22. Rae1 Rfd8 23. Ne5 Bxe5 24. Rxe5 Rxe5 25. Rxe5 Rd5 26. Rxd5 exd5
27. Kf1 Kh7 28. Ke2 Kg6 29. h3 Kf5 30. Kf3 h5 31. g4+ hxg4+ 32. hxg4+ Kg5 33.
Kg3 f5 34. f4+ Kf6 35. g5+ Ke6 36. Kf3 g6 37. Ke3 Kd6 38. Kd2 Kc6 39. Kc2 Kb6
40. b3 cxb3+ 41. Kb2 Ka5 42. Kxb3 a6 43. Kb2 Ka4 44. Ka2 a5 45. Kb2 b4 46. axb4
axb4 47. Kc2 Kb5 48. Kb3 bxc3 49. Kxc3 Ka5 50. Kc2 Kb4 0-1

[Event "MMaS_2014_FIDE"]
[Site "Hotel Dlouhé Stránì, Louèná n"]
[Date "2014.10.26"]
[Round "3.6"]
[White "Effenberger, Adam"]
[Black "Netusil, Jan"]
[Result "1-0"]
[WhiteElo "1786"]
[BlackElo "1837"]
[PlyCount "79"]
[EventDate "2014.10.25"]

1. e4 d5 2. exd5 Nf6 3. d4 Nxd5 4. Nf3 Bg4 5. Be2 Nc6 6. O-O e6 7. h3 Bh5 8.
Re1 Be7 9. c4 Nb6 10. Be3 O-O 11. g4 Bg6 12. Nc3 h6 13. Kh1 Bf6 14. Rg1 e5 15.
d5 Ne7 16. g5 hxg5 17. Bxg5 Bxg5 18. Nxg5 Nf5 19. b3 Nd4 20. Bd3 f5 21. Nb5
Nxb5 22. Ne6 Qf6 23. Nxf8 Rxf8 24. cxb5 e4 25. Bc4 Nxc4 26. bxc4 f4 27. a4 e3
28. f3 Bf5 29. Ra2 Re8 30. c5 Qh4 31. Rh2 Qh5 32. d6 cxd6 33. Qd5+ Kh8 34. cxd6
e2 35. Re1 Re4 36. Rexe2 Qxf3+ 37. Kg1 Qg3+ 38. Rhg2 Qf3 39. Qxf5 Rxe2 40. Qf8+
1-0

[Event "MMaS_2014_FIDE"]
[Site "Hotel Dlouhé Stránì, Louèná n"]
[Date "2014.10.26"]
[Round "3.7"]
[White "Michalek, Miroslav"]
[Black "Pistovcakova, Aneta"]
[Result "0-1"]
[WhiteElo "1793"]
[BlackElo "1671"]
[PlyCount "60"]
[EventDate "2014.10.25"]

1. e4 c5 2. Nc3 g6 3. g3 Bg7 4. Bg2 Nc6 5. d3 d6 6. f4 e6 7. Nf3 Nge7 8. Be3
Nd4 9. O-O O-O 10. Qd2 Rb8 11. Nd1 b5 12. c3 Ndc6 13. d4 c4 14. d5 exd5 15.
exd5 Na5 16. Nh4 Qc7 17. Nf2 b4 18. cxb4 c3 19. bxc3 Nc4 20. Qc1 a5 21. Rb1 Nf5
22. Nxf5 Bxf5 23. Be4 Bxe4 24. Nxe4 Rfe8 25. Nxd6 Qxd6 26. Bf2 Qxd5 27. Rd1 Qf3
28. Re1 Bxc3 29. Rb3 Rxe1+ 30. Bxe1 Bd4+ 0-1

[Event "MMaS_2014_FIDE"]
[Site "Hotel Dlouhé Stránì, Louèná n"]
[Date "2014.10.26"]
[Round "3.8"]
[White "Kotas, Marian"]
[Black "Matejka, Frantisek"]
[Result "1-0"]
[WhiteElo "1494"]
[BlackElo "1792"]
[PlyCount "61"]
[EventDate "2014.10.25"]

1. d3 d5 2. Nf3 c5 3. g3 Nc6 4. Bg2 e5 5. O-O Nf6 6. c3 Be7 7. Nbd2 O-O 8. a3
e4 9. Ne1 e3 10. fxe3 Ng4 11. Ndf3 Bg5 12. Nxg5 Qxg5 13. e4 Qh5 14. h3 Nge5 15.
Kh2 Ng4+ 16. Kg1 Nce5 17. hxg4 Nxg4 18. Nf3 dxe4 19. dxe4 f5 20. Qd5+ Kh8 21.
Qxc5 Bd7 22. Rd1 Bc6 23. Rd4 Rac8 24. Bf4 Bxe4 25. Qd6 Bxf3 26. exf3 Qh2+ 27.
Kf1 Rce8 28. fxg4 fxg4 29. Re1 Rc8 30. Kf2 h5 31. Rh1 1-0

[Event "MMaS_2014_FIDE"]
[Site "Hotel Dlouhé Stránì, Louèná n"]
[Date "2014.10.26"]
[Round "3.11"]
[White "Milfort, Vaclav"]
[Black "Neumann, Filip"]
[Result "1/2-1/2"]
[WhiteElo "1604"]
[BlackElo "1509"]
[PlyCount "55"]
[EventDate "2014.10.25"]

1. c4 c5 2. Nc3 Nc6 3. Nf3 Nf6 4. d3 e6 5. Bg5 d6 6. e3 Be7 7. Be2 O-O 8. O-O
a6 9. d4 cxd4 10. exd4 e5 11. dxe5 dxe5 12. Qxd8 Rxd8 13. Rfd1 Be6 14. a3 Rxd1+
15. Rxd1 Rd8 16. Rxd8+ Bxd8 17. b4 Nd7 18. Be3 f6 19. Ne4 Bc7 20. h3 Kf8 21.
Bc5+ Nxc5 22. Nxc5 Bc8 23. Bd3 f5 24. Ng5 e4 25. Be2 Nd4 26. Bd1 h6 27. Ngxe4
fxe4 28. Nxe4 1/2-1/2

[Event "MMaS_2014_FIDE"]
[Site "Hotel Dlouhé Stránì, Louèná n"]
[Date "2014.10.26"]
[Round "3.13"]
[White "Richterova, Natasa"]
[Black "Stonavsky, Filip"]
[Result "0-1"]
[WhiteElo "1171"]
[BlackElo "1728"]
[PlyCount "68"]
[EventDate "2014.10.25"]

1. d4 Nf6 2. c4 c5 3. Nf3 g6 4. Nc3 Bg7 5. e3 cxd4 6. Nxd4 Nc6 7. Be2 Qb6 8.
Nxc6 Qxc6 9. O-O h5 10. h3 Qe6 11. f3 d6 12. Kf2 h4 13. Kg1 a6 14. e4 Nh5 15.
Qe1 Bd4+ 16. Rf2 f5 17. Nd5 Qd7 18. Qd2 Bxf2+ 19. Kxf2 b5 20. Nb6 Qa7 21. Qd4
O-O 22. Be3 f4 23. Bd2 Rb8 24. Ba5 e5 25. Qxd6 Rf6 26. Qd8+ Kh7 27. c5 Bxh3 28.
Qd5 Be6 29. Qxe5 Re8 30. Bc3 Bf7 31. Qg5 Qe7 32. Bxf6 Nxf6 33. Qxh4+ Kg7 34. b4
Nxe4+ 0-1

[Event "MMaS_2014_FIDE"]
[Site "?"]
[Date "2014.10.26"]
[Round "4.1"]
[White "Hajek, Oskar"]
[Black "Kislinsky, Alexey"]
[Result "0-1"]
[WhiteElo "2006"]
[BlackElo "2482"]
[PlyCount "96"]
[EventDate "2014.10.25"]

1. e4 c5 2. Nf3 g6 3. c3 Bg7 4. d4 cxd4 5. cxd4 d5 6. exd5 Nf6 7. Bb5+ Nbd7 8.
d6 exd6 9. Qe2+ Kf8 10. O-O h6 11. Bf4 Nb6 12. Re1 Bf5 13. Nc3 a6 14. Bd3 Bxd3
15. Qxd3 Kg8 16. Re2 Kh7 17. h3 Qd7 18. Rae1 Rhe8 19. Ne4 Nxe4 20. Rxe4 Rxe4
21. Qxe4 Rc8 22. Qe7 Qxe7 23. Rxe7 Nd5 24. Rxf7 Kg8 25. Rxg7+ Kxg7 26. Bxd6
Rc1+ 27. Kh2 Rc2 28. Ba3 Rxf2 29. Ne5 Rd2 30. Nd7 b6 31. Nb8 a5 32. Nc6 Rc2 33.
Ne5 b5 34. Bc5 Rxb2 35. a3 Rc2 36. Nc6 b4 37. Nxa5 bxa3 38. Bxa3 Ne3 39. Bd6
Rxg2+ 40. Kh1 Rc2 41. Nb3 g5 42. Nc5 Kg6 43. Ne4 Kh5 44. Bg3 Nf5 45. Nf6+ Kg6
46. Be5 Rd2 47. d5 Nh4 48. Ng8 Rd1+ 0-1

[Event "MMaS_2014_FIDE"]
[Site "?"]
[Date "2014.10.26"]
[Round "4.2"]
[White "Chytil, Petr"]
[Black "Effenberger, Adam"]
[Result "1/2-1/2"]
[WhiteElo "1751"]
[BlackElo "1786"]
[PlyCount "47"]
[EventDate "2014.10.25"]

1. Nf3 c5 2. g3 Nc6 3. Bg2 g6 4. O-O Bg7 5. c4 d6 6. Nc3 Qd7 7. d3 b6 8. Rb1
Bb7 9. Bd2 Nd4 10. e3 Nxf3+ 11. Bxf3 Bxf3 12. Qxf3 Rd8 13. e4 e6 14. Bf4 Ne7
15. Nb5 Be5 16. Bd2 Nc6 17. h4 Nd4 18. Nxd4 Bxd4 19. h5 Qe7 20. Be3 Qf6 21.
Qxf6 Bxf6 22. hxg6 hxg6 23. f4 Ke7 24. Kg2 1/2-1/2

[Event "MMaS_2014_FIDE"]
[Site "?"]
[Date "2014.10.26"]
[Round "4.3"]
[White "Nabelek, Marek"]
[Black "Volek, Karel"]
[Result "1-0"]
[WhiteElo "2270"]
[BlackElo "1923"]
[PlyCount "133"]
[EventDate "2014.10.25"]

1. e4 e5 2. Nf3 Nc6 3. Bc4 Bc5 4. O-O Nf6 5. d4 Bxd4 6. Nxd4 Nxd4 7. Bg5 h6 8.
Bh4 d6 9. f4 Bg4 10. Qd2 Qd7 11. Bxf6 gxf6 12. fxe5 dxe5 13. c3 Be6 14. Bxe6
Nxe6 15. Qxd7+ Kxd7 16. Rxf6 Ke7 17. Rf2 Nf4 18. Na3 Rad8 19. Nc4 f6 20. Kf1
Rd3 21. g3 Ne6 22. Re1 c6 23. Ne3 Ng7 24. Ng4 Rd6 25. Kg2 h5 26. Ne3 Rhd8 27.
Nc4 Rd1 28. Ree2 R1d3 29. Kh3 Rh8 30. Kh4 Ne6 31. Rf5 Ng7 32. Rf1 Rh6 33. Ne3
Rg6 34. Nf5+ Kf7 35. Nxg7 Kxg7 36. Rf5 Rh6 37. Rxh5 Kg6 38. Rxh6+ Kxh6 39. Kg4
Kg6 40. Kh3 f5 41. exf5+ Kxf5 42. Kg2 e4 43. Rf2+ Ke5 44. Rc2 c5 45. Kf2 c4 46.
Ke2 Kf5 47. Rc1 Kg4 48. Rf1 Kh3 49. Rf4 Kxh2 50. Rxe4 Rxg3 51. Kd2 Rd3+ 52. Kc2
b5 53. Re7 Rf3 54. a4 a6 55. Re6 bxa4 56. Rxa6 Rf2+ 57. Kb1 Rf4 58. Rxa4 Kg3
59. Ra8 Kf3 60. Re8 Rf5 61. Kc2 Rg5 62. Re7 Rg2+ 63. Kc1 Kf4 64. Kb1 Rg6 65.
Re8 Kf3 66. Re7 Rg4 67. Ka2 1-0

[Event "MMaS_2014_FIDE"]
[Site "?"]
[Date "2014.10.26"]
[Round "4.4"]
[White "OlSar, Zdenek"]
[Black "Macek, Oldrich"]
[Result "0-1"]
[WhiteElo "1931"]
[BlackElo "1676"]
[PlyCount "74"]
[EventDate "2014.10.25"]

1. e4 c5 2. Nf3 d6 3. d4 cxd4 4. Nxd4 Nf6 5. Nc3 a6 6. Bg5 e6 7. f4 Be7 8. Qf3
Qc7 9. O-O-O Nbd7 10. g4 b5 11. Bxf6 Nxf6 12. g5 Nd7 13. f5 Nc5 14. f6 gxf6 15.
gxf6 Bf8 16. Rg1 Bb7 17. Kb1 b4 18. Nd5 exd5 19. exd5 O-O-O 20. Bh3+ Kb8 21.
Rde1 Qb6 22. Nf5 Na4 23. Ka1 Qc5 24. Qb3 Nb6 25. Rg4 Bxd5 26. Qxb4 Qxb4 27.
Rxb4 Ka7 28. Nd4 Bb7 29. Rb3 d5 30. Rd3 Bd6 31. b3 Nd7 32. Rc3 Nxf6 33. Rf3 Ne4
34. Rxf7 Be5 35. c3 Bxd4 36. cxd4 Ng5 37. Rg7 Nxh3 0-1